Antiques logbooks to be made compulsory (Record no. 66454)
[ view plain ]
| 000 -LEADER | |
|---|---|
| fixed length control field | 00971cam a2200193 4500 |
| 001 - CONTROL NUMBER | |
| control field | WB3712-01 |
| 008 - FIXED-LENGTH DATA ELEMENTS--GENERAL INFORMATION | |
| fixed length control field | 000000n2001 000 0 eng u |
| 035 ## - SYSTEM CONTROL NUMBER | |
| System control number | (Sirsi) u111514 |
| 245 ## - TITLE STATEMENT | |
| Title | Antiques logbooks to be made compulsory |
| 260 ## - PUBLICATION, DISTRIBUTION, ETC. | |
| Date of publication, distribution, etc. | 2001 |
| 490 ## - SERIES STATEMENT | |
| Series statement | Sunday Telegraph |
| Volume/sequential designation | 18 March 2001, 11(1) |
| 520 ## - SUMMARY, ETC. | |
| Summary, etc. | The Home Office has announced plans to introduce logbooks for all antiques sold in Britain. Under the scheme, which aims to reduce the estimated £75m annual market in stolen antiques, each item would have its own logbook detailing its provenance, previous owners and recent history. A national database would then be updated every time the artwork was sold, whilst the name and address of anyone selling anything for more than £10 or buying anything for more than £100 would also be recorded. |
| 590 ## - LOCAL NOTE (RLIN) | |
| Local note | WB |
| 650 ## - SUBJECT ADDED ENTRY--TOPICAL TERM | |
| Topical term or geographic name entry element | APC LOGBOOKS |
| 650 ## - SUBJECT ADDED ENTRY--TOPICAL TERM | |
| Topical term or geographic name entry element | STOLEN ANTIQUES |
| 650 ## - SUBJECT ADDED ENTRY--TOPICAL TERM | |
| Topical term or geographic name entry element | STOLEN ART |
| 690 ## - LOCAL SUBJECT ADDED ENTRY--TOPICAL TERM (OCLC, RLIN) | |
| Topical term or geographic name as entry element | Arts and antiques |
| 9 (RLIN) | 6217 |
| 942 ## - ADDED ENTRY ELEMENTS (KOHA) | |
| Suppress in OPAC | 0 |
| Withdrawn status | Lost status | Source of classification or shelving scheme | Damaged status | Not for loan | Home library | Current library | Shelving location | Date acquired | Total Checkouts | Full call number | Barcode | Date last seen | Copy number | Price effective from | Koha item type |
|---|---|---|---|---|---|---|---|---|---|---|---|---|---|---|---|
| Dewey Decimal Classification | London | London | News article | 20/03/2001 | WB3712-01 | 111514-1001 | 06/08/2019 | 1 | 06/08/2019 | News article |